000
00266nam a2200109Ia 4500
008
240109s9999 xx 000 0 und d
041
_a
eng
100
_a
M. Vygodsky.
245
_a
Mathematical Handbook.
260
_b
MIR Publishar Moscow.
650
_a
Management
999
_c
1019752
_d
1019752